000 00675nam a2200217Ii 4500
001 15023
003 CO-ViMGA
008 241108s9999||||xx |||||||||||||| ||und||
020 _a9589766455
040 _aCO-ViMGA
_bspa
_erda
_cCO-ViMGA
041 0 _aspa
082 0 4 _a305.89607320 A48m
100 1 _aCarlos Efrén Agudelo
_945429
245 1 0 _aRetos del multiculturalismo en Colombia :
_bpolítica y poblaciones negras
264 1 _aBogotá, Colombia : La Carreta Editores, 2005
300 _avolumen
336 _atext
_btxt
_2rdacontent
337 _aunmediated
_bn
_2rdamedia
338 _avolume
_bnc
_2rdacarrier
940 _aidficha_siabuc: 14713. -- ficha_no_siabuc:15023
999 _c39953
_d39953